Представление документа в формате RUSMARC

ПолеНазваниеЗначение
  Тип записи a
  Библиографический уровень a
001 Контрольный номер RU/CBS_UL/BASE/faaee24475e74bc49fe8e72ee7cf9fcc
005 Дата корректировки 20260404161212.0
100 Данные общей обработки __
a Данные общей обработки 20260404 ||| 0rusy0189 ca
101 Язык документа 0_
a Язык текста rus
102 Страна публикации __
a Страна публикации RU
200 Заглавие и сведения об ответственности 1_
a Заглавие Солнце матадора
e Сведения, относящиеся к заглавию [беседа с первой женщиной-тореадором из России А. Артамонт (Л.Г. Артамоновой)]
f Первые сведения об ответственности Л. Артамонова
g Последующие сведения об ответственности запис. С. Кухианидзе
300 Общие примечания __
a Общие примечания 16+
461 Уровень набора _0
1 2000
a Коллекция КАРАВАН историй
463 Уровень физической единицы _0
1 2000
a № 3
v С. 56-77 : фот.
1 2101
d 2026
1 001RU/CBS_UL/BASE/b61a408878ed4e6dbe90fcf0b44df0ab
600 Персоналии _1
a Персоналии (Фамилия) Артамонова
b Персоналии (Имя, инициалы) Л.Г.
600 Персоналии _1
a Персоналии (Фамилия) Артамонт
b Персоналии (Имя, инициалы) Л.
606 Тематические рубрики 0_
a Основная рубрика Коррида
y Географическая подрубрика Испания
y Географическая подрубрика Португалия
610 Ключевые слова 0_
a Ключевые слова коррида, бой быков, матадоры, тореадоры, женщины-матадоры, тореро
686 Индексы других классификаций __
2 Код системы rubbk
a Классификационный индекс 66.3(4Исп)
700 Автор _1
a Фамилия Артамонова
b Имя (инициалы) Л.
801 Источник записи _0
a Страна RU
b Организация МБУК ЦБС г. Ульяновска
c Дата составления 20260404
g Правила каталогизации RCR
801 Источник записи _1
a Страна RU
b Организация МБУК ЦБС г. Ульяновска
c Дата составления 20260404
g Правила каталогизации RCR
901 Тип документа __
t Тип документа b
w Контрольный № источника RU/CBS_UL/BASE/b61a408878ed4e6dbe90fcf0b44df0ab
909 Создатель записи __
a Создатель записи lib1